<?xml version="1.0" encoding="UTF-8"?><?xml-stylesheet type="text/xsl" href="static/style.xsl"?><OAI-PMH xmlns="http://www.openarchives.org/OAI/2.0/" xmlns:xsi="http://www.w3.org/2001/XMLSchema-instance" xsi:schemaLocation="http://www.openarchives.org/OAI/2.0/ http://www.openarchives.org/OAI/2.0/OAI-PMH.xsd"><responseDate>2026-04-29T18:24:12Z</responseDate><request verb="GetRecord" identifier="oai:riubu.ubu.es:10259/8243" metadataPrefix="marc">https://riubu.ubu.es/oai/request</request><GetRecord><record><header><identifier>oai:riubu.ubu.es:10259/8243</identifier><datestamp>2024-01-09T01:05:31Z</datestamp><setSpec>com_10259_7355</setSpec><setSpec>com_10259_7353</setSpec><setSpec>com_10259_2604</setSpec><setSpec>col_10259_8233</setSpec></header><metadata><record xmlns="http://www.loc.gov/MARC21/slim" xmlns:doc="http://www.lyncode.com/xoai" xmlns:xsi="http://www.w3.org/2001/XMLSchema-instance" xmlns:dcterms="http://purl.org/dc/terms/" xsi:schemaLocation="http://www.loc.gov/MARC21/slim http://www.loc.gov/standards/marcxml/schema/MARC21slim.xsd">
<leader>00925njm 22002777a 4500</leader>
<datafield tag="042" ind1=" " ind2=" ">
<subfield code="a">dc</subfield>
</datafield>
<datafield tag="720" ind1=" " ind2=" ">
<subfield code="a">Fiz Fuentes, Irene</subfield>
<subfield code="e">author</subfield>
</datafield>
<datafield tag="260" ind1=" " ind2=" ">
<subfield code="c">2023-12</subfield>
</datafield>
<datafield tag="520" ind1=" " ind2=" ">
<subfield code="a">El primer propósito de este artículo es el de reunir como obra de un mismo taller pictórico varios retablos realizados entre 1520 y 1540 que se encuentran diseminados a lo largo de un amplio territorio entre Cantabria y Castilla. Un segundo objetivo pasa por indagar sobre las razones de que este acervo haya sido estudiado de manera fragmentaria o directamente ignorado. Por último, valiéndonos de la colaboración en un mismo retablo entre este maestro y un pintor del entorno del Maestro de Ventosilla, se hará una primera aproximación a la necesaria revisión del catálogo de este anónimo maestro.</subfield>
</datafield>
<datafield tag="520" ind1=" " ind2=" ">
<subfield code="a">The first purpose of this article is to bring together a series of altarpieces made between 1520 and 1540 that are scattered over a wide area between Cantabria and Castile as the work of the same pictorial workshop. A second objective is to investigate the reasons why this collection has been studied in a fragmentary way or ignored. Finally, taking advantage of the collaboration on the same altarpiece between this master and a painter of the environment of the Maestro de Ventosilla, we will make a first approach to the necessary revision of the catalog of this anony-mous master.</subfield>
</datafield>
<datafield tag="024" ind2=" " ind1="8">
<subfield code="a">2952-1084</subfield>
</datafield>
<datafield tag="024" ind2=" " ind1="8">
<subfield code="a">http://hdl.handle.net/10259/8243</subfield>
</datafield>
<datafield tag="024" ind2=" " ind1="8">
<subfield code="a">10.36443/sarmental.65</subfield>
</datafield>
<datafield tag="024" ind2=" " ind1="8">
<subfield code="a">2952-1084</subfield>
</datafield>
<datafield ind1=" " ind2=" " tag="653">
<subfield code="a">Retablo</subfield>
</datafield>
<datafield ind1=" " ind2=" " tag="653">
<subfield code="a">Pintura del Renacimiento</subfield>
</datafield>
<datafield ind1=" " ind2=" " tag="653">
<subfield code="a">Rutas</subfield>
</datafield>
<datafield ind1=" " ind2=" " tag="653">
<subfield code="a">Castilla</subfield>
</datafield>
<datafield ind1=" " ind2=" " tag="653">
<subfield code="a">Cantabria</subfield>
</datafield>
<datafield ind1=" " ind2=" " tag="653">
<subfield code="a">Burgos</subfield>
</datafield>
<datafield ind1=" " ind2=" " tag="653">
<subfield code="a">Maestro de Ventosilla</subfield>
</datafield>
<datafield ind1=" " ind2=" " tag="653">
<subfield code="a">Retable</subfield>
</datafield>
<datafield ind1=" " ind2=" " tag="653">
<subfield code="a">Renaissance painting</subfield>
</datafield>
<datafield ind1=" " ind2=" " tag="653">
<subfield code="a">Routes</subfield>
</datafield>
<datafield ind1=" " ind2=" " tag="653">
<subfield code="a">Castile</subfield>
</datafield>
<datafield ind1=" " ind2=" " tag="653">
<subfield code="a">Ventosilla Master</subfield>
</datafield>
<datafield tag="245" ind1="0" ind2="0">
<subfield code="a">De La Ribera a La Montaña: el periplo de un pintor castellano en los inicios del Renacimiento.</subfield>
</datafield>
</record></metadata></record></GetRecord></OAI-PMH>